Основы метеорологии

Библиографические подробности
Главный автор: Рахманов Г.
Язык:русский
Опубликовано: Москва, Типо-литография Т-ва И. Н. Кушнерев и К', 1908
Предметы:
Формат: Книга
Запись в KOHA:https://koha.lib.tpu.ru/cgi-bin/koha/opac-detail.pl?biblionumber=62239

MARC

LEADER 00000nam0a2200000 4500
001 62239
005 20231031063319.0
035 |a (RuTPU)RU\TPU\book\65973 
090 |a 62239 
100 |a 20040406d1908 m y0rusy50 ca 
101 0 |a rus 
102 |a RU 
105 |a a j 000zy 
200 1 |a Основы метеорологии  |f Г. Рахманов 
210 |a Москва  |c Типо-литография Т-ва И. Н. Кушнерев и К'  |d 1908 
215 |a 126 с.  |c ил. 
610 1 |a метеорология 
610 1 |a учебные пособия 
610 1 |a инструменты 
610 1 |a наблюдения 
610 1 |a атмосфера 
610 1 |a давление 
610 1 |a воздушные течения 
610 1 |a влажность 
675 |a 551.5(075)  |v 3 
686 |a Ч611.68  |v LBC/SL-A  |2 rubbk 
700 1 |a Рахманов  |b Г. 
801 1 |a RU  |b 63413507  |c 20040406  |g PSBO 
801 2 |a RU  |b 63413507  |c 20040421  |g PSBO 
942 |c BK